000 00805nam a2200205Ii 4500
003 JO-AjNU
008 230605s9999||||xx |||||||||||||| ||und||
040 _aJO-AjNU
_bara
_erda
_cJO-AjNU
041 _aara
050 1 4 _aKPF.M33.1995
100 3 _aد ،م ,
_eauthor
_945837
245 0 0 _aمجموعة القوانين والانظمة والتعليمات المعمول بها في جامعة اليرموك
250 _a(د،ط)
264 3 1 _aد ، م : د ، ن ، 1995
300 _a57ص
336 _atext
_btxt
_2rdacontent
337 _aunmediated
_bn
_2rdamedia
338 _avolume
_bnc
_2rdacarrier
650 4 _aالجامعات والكليات -- قوانين وتشريعات -- الأردن -- جامعة اليرموك (إربد، الأردن) -- قوانين داخلية
_945838
999 _aA19898
_c23466
_d23466